<?xml version="1.0" encoding="UTF-8"?>
<record
    xmlns:xsi="http://www.w3.org/2001/XMLSchema-instance"
    xsi:schemaLocation="http://www.loc.gov/MARC21/slim http://www.loc.gov/standards/marcxml/schema/MARC21slim.xsd"
    xmlns="http://www.loc.gov/MARC21/slim">

  <leader>00866nam a22002057a 4500</leader>
  <controlfield tag="005">20231207121108.0</controlfield>
  <controlfield tag="008">231204b           ||||| |||| 00| 0 eng d</controlfield>
  <datafield tag="040" ind1=" " ind2=" ">
    <subfield code="c">AL</subfield>
  </datafield>
  <datafield tag="041" ind1=" " ind2=" ">
    <subfield code="a">Kannada</subfield>
  </datafield>
  <datafield tag="082" ind1=" " ind2=" ">
    <subfield code="2">23</subfield>
    <subfield code="b">GANH</subfield>
    <subfield code="a">K894.4</subfield>
  </datafield>
  <datafield tag="100" ind1=" " ind2=" ">
    <subfield code="a">R Ganesh &#xC86;&#xCB0;&#xCCD; .&#xC97;&#xCA3;&#xCC7;&#xCB6;&#xCCD; </subfield>
    <subfield code="9">144574</subfield>
  </datafield>
  <datafield tag="245" ind1=" " ind2=" ">
    <subfield code="a">Hadanu Havanu &#xCB9;&#xCA6;&#xCA8;&#xCC1; &#xCB9;&#xCB5;&#xCA8;&#xCC1; </subfield>
  </datafield>
  <datafield tag="260" ind1=" " ind2=" ">
    <subfield code="a">Mangalagangothri &#xCAE;&#xC82;&#xC97;&#xCB3;&#xC97;&#xC82;&#xC97;&#xCCB;&#xCA4;&#xCCD;&#xCB0;&#xCBF; </subfield>
    <subfield code="b">Prasaranga Mangalore University &#xCAA;&#xCCD;&#xCB0;&#xCB8;&#xCBE;&#xCB0;&#xCBE;&#xC82;&#xC97; &#xCAE;&#xC82;&#xC97;&#xCB3;&#xCC2;&#xCB0;&#xCC1; &#xCB5;&#xCBF;&#xCB6;&#xCCD;&#xCB5;&#xCB5;&#xCBF;&#xCA6;&#xCCD;&#xCAF;&#xCBE;&#xCA8;&#xCBF;&#xCB2;&#xCAF;</subfield>
    <subfield code="c">2018</subfield>
  </datafield>
  <datafield tag="300" ind1=" " ind2=" ">
    <subfield code="a">xii,252 p.</subfield>
    <subfield code="b">PB</subfield>
    <subfield code="c">21x14 cm.</subfield>
  </datafield>
  <datafield tag="365" ind1=" " ind2=" ">
    <subfield code="a">063-065</subfield>
    <subfield code="b">&#x20B9;125.00</subfield>
    <subfield code="c">&#x20B9;</subfield>
    <subfield code="d">&#x20B9;250.00</subfield>
    <subfield code="e">50%</subfield>
    <subfield code="f">23-11-2023</subfield>
  </datafield>
  <datafield tag="440" ind1=" " ind2=" ">
    <subfield code="a">Mangala Samshodana Malike &#xCAE;&#xC82;&#xC97;&#xCB3; &#xCB8;&#xC82;&#xCB6;&#xCCB;&#xCA7;&#xCA8; &#xCAE;&#xCBE;&#xCB2;&#xCBF;&#xC95;&#xCC6; </subfield>
    <subfield code="9">144189</subfield>
  </datafield>
  <datafield tag="650" ind1=" " ind2=" ">
    <subfield code="a">Collection of Reserach Articles</subfield>
    <subfield code="9">144190</subfield>
  </datafield>
  <datafield tag="700" ind1=" " ind2=" ">
    <subfield code="a">GANESH (R)</subfield>
    <subfield code="9">144191</subfield>
  </datafield>
  <datafield tag="942" ind1=" " ind2=" ">
    <subfield code="2">ddc</subfield>
    <subfield code="c">BK</subfield>
  </datafield>
  <datafield tag="999" ind1=" " ind2=" ">
    <subfield code="c">229363</subfield>
    <subfield code="d">229363</subfield>
  </datafield>
  <datafield tag="952" ind1=" " ind2=" ">
    <subfield code="0">0</subfield>
    <subfield code="1">0</subfield>
    <subfield code="2">ddc</subfield>
    <subfield code="4">0</subfield>
    <subfield code="7">0</subfield>
    <subfield code="8">KAN</subfield>
    <subfield code="a">AL</subfield>
    <subfield code="b">AL</subfield>
    <subfield code="d">2023-11-24</subfield>
    <subfield code="e">Prasaranga Mangalore University</subfield>
    <subfield code="g">125.00</subfield>
    <subfield code="l">0</subfield>
    <subfield code="o">K894.4 GANH</subfield>
    <subfield code="p">076925</subfield>
    <subfield code="r">2023-12-04 00:00:00</subfield>
    <subfield code="v">250.00</subfield>
    <subfield code="w">2023-12-04</subfield>
    <subfield code="y">BK</subfield>
  </datafield>
</record>
